Statistics for NES General Knowledge Quiz

Click here to take the quiz!

General Stats

  • This quiz has been taken 21 times
  • The average score is 14 of 20

Answer Stats

HintAnswer% Correct
Mario's nemesis and serial kidnapper of Princess PeachBowser
100%
Synonymous with 'Combat Amphibians'Battletoads
94%
Series of beat 'em up games developed by TechnōsDouble {Dragon}
94%
Popular series spanning six games on the NES alone{Mega} Man
94%
Subtitle of the second Zelda gameThe {Adventure} of Link
94%
First party motorcycle racing game with a track editor{Excite}bike
88%
Up, Up, Down, Down, Left, Right, Left, Right, B, A, Start{Konami} Code
88%
Trilogy of hard action platformers whose name is often mispronouncedNinja {Gaiden}
88%
Puzzle game featuring a popular character from the Mario universe{Yoshi}'s Cookie
88%
Isometric platformer with co-op multiplayerSnake {Rattle} 'n' Roll
81%
Female bounty hunter, often assumed to be a robot named 'Metroid'{Samus} Aran
75%
Strange creature that spits eggs and, in later levels, fireballsBirdo
69%
Hardware accessory for games such as Duck Hunt or GumshoeNES {Zapper}
69%
Company infamous for bad movie adaptations; logo includes a rainbowLJN
63%
Action game by Sunsoft, known for its amazing soundtrackJourney to {Silius}
56%
Opposite of 'Pro'Contra
44%
Atlus platformer featuring felines; called N.Y. Nyankies in Japan{Rockin}' Kats
44%
Game featuring both 2D shoot 'em up and action adventure sectionsThe {Guardian} Legend
44%
Enemy that engages Kirby in a fencing match{Meta} Knight
38%
2D Shooter by Namco in which you control the SolvalouXevious
19%

Score Distribution

Percentile by Number Answered

Percent of People with Each Score

Your Score History

You have not taken this quiz